Database system concepts (Record no. 489)

000 -LEADER
fixed length control field 00571nam a22002297a 4500
001 - CONTROL NUMBER
control field 489
003 - CONTROL NUMBER IDENTIFIER
control field BD-DhUET
008 - FIXED-LENGTH DATA ELEMENTS--GENERAL INFORMATION
fixed length control field 140722b xxu||||| |||| 00| 0 eng d
020 ## - INTERNATIONAL STANDARD BOOK NUMBER
International Standard Book Number 007124476X
040 ## - CATALOGING SOURCE
Transcribing agency 0
Modifying agency BD-DhUET
082 ## - DEWEY DECIMAL CLASSIFICATION NUMBER
Classification number 005.74
Item number SIL/2006
100 ## - MAIN ENTRY--PERSONAL NAME
Personal name Silberschatz, Abraham
245 ## - TITLE STATEMENT
Title Database system concepts
250 ## - EDITION STATEMENT
Edition statement 5th ed.
260 ## - PUBLICATION, DISTRIBUTION, ETC. (IMPRINT)
Place of publication, distribution, etc. Boston
Name of publisher, distributor, etc. McGraw-Hill
Date of publication, distribution, etc. 2006
300 ## - PHYSICAL DESCRIPTION
Extent xxvi,1142p.
Other physical details ill.
504 ## - BIBLIOGRAPHY, ETC. NOTE
Bibliography, etc Includes bibliographies
650 #0 - SUBJECT ADDED ENTRY--TOPICAL TERM
Topical term or geographic name as entry element Database management
700 ## - ADDED ENTRY--PERSONAL NAME
Personal name Korth, Henry F.
700 ## - ADDED ENTRY--PERSONAL NAME
Personal name Sudarshan, S.
942 ## - ADDED ENTRY ELEMENTS (KOHA)
Koha item type General Book
Holdings
Koha full call number Koha issues (times borrowed) Location (home branch) Piece designation (barcode) Source of classification or shelving scheme Koha normalized classification for sorting Copy number Sublocation or collection (holding branch) Price effective from Koha date last seen Date acquired Shelving location Not for loan Koha item type Koha renewals Damaged status Koha date last borrowed Withdrawn status Lost status
007.74/SIL/2006 Central Library, BUET103320 007_000000000000000_74SIL20061Central Library, BUET2014-07-222014-07-222014-07-22Circulation section General Book     
007.74/SIL/2006 Central Library, BUET103321 007_000000000000000_74SIL20062Central Library, BUET2014-07-222016-12-242014-07-22Circulation section General Book2    
005.74 SIL/2006 Central Library, BUET103322 005_740000000000000_SIL20063Central Library, BUET2014-08-252014-08-252014-08-25Circulation section General Book     
005.74/SIL/20061Central Library, BUET103323 005_000000000000000_74SIL20064Central Library, BUET2014-08-252021-12-182014-08-25Circulation section General Book  2021-12-04  
005.74/SIL/2006 Central Library, BUET103324 005_000000000000000_74SIL20065Central Library, BUET2014-08-252014-08-252014-08-25Circulation section General Book     
005.74/SIL/2006 Central Library, BUET103325 005_740000000000000_SIL_20066Central Library, BUET2014-08-252014-08-252014-08-25Circulation section General Book     
005.74/SIL/20061Central Library, BUET103326 005_740000000000000_SIL_20067Central Library, BUET2014-08-252017-07-162014-08-25Circulation section General Book  2017-07-01  
005.74/SIL/2006 Central Library, BUET103327 005_000000000000000_74SIL20068Central Library, BUET2014-08-252014-08-252014-08-25Circulation section General Book     
005.74/SIL/2006 Central Library, BUET103328 005_000000000000000_74SIL20069Central Library, BUET2014-08-252014-08-252014-08-25Circulation section General Book     
005.74/SIL/2006 Central Library, BUET103329 005_000000000000000_74SIL200610Central Library, BUET2014-08-252014-08-252014-08-25Circulation section General Book     
005.74/SIL/2006 Central Library, BUET102172 005_740000000000000_SIL_200611Central Library, BUET2015-06-092015-06-092015-06-09Reading section Reading Item     
005.74/SIL/2006 Central Library, BUET102554 005_740000000000000_SIL_200612Central Library, BUET2015-06-092015-06-092015-06-09Reading section Reading Item